<?xml version="1.0" encoding="UTF-8"?>
<record
    xmlns:xsi="http://www.w3.org/2001/XMLSchema-instance"
    xsi:schemaLocation="http://www.loc.gov/MARC21/slim http://www.loc.gov/standards/marcxml/schema/MARC21slim.xsd"
    xmlns="http://www.loc.gov/MARC21/slim">

  <leader>01088nas a2200313 a 4500</leader>
  <datafield tag="999" ind1=" " ind2=" ">
    <subfield code="c">7441</subfield>
    <subfield code="d">7441</subfield>
  </datafield>
  <controlfield tag="001">991056629959706706</controlfield>
  <controlfield tag="003">OSt</controlfield>
  <controlfield tag="005">20211126115608.0</controlfield>
  <controlfield tag="008">080326c19uu9999spca| ||||||||0   ||cat  </controlfield>
  <datafield tag="017" ind1=" " ind2=" ">
    <subfield code="a">DL B. 22412-1987</subfield>
    <subfield code="b">Biblioteca de Catalunya</subfield>
  </datafield>
  <datafield tag="035" ind1=" " ind2=" ">
    <subfield code="a">(ES-BaCBU)b39676134-34csuc_network</subfield>
  </datafield>
  <datafield tag="035" ind1=" " ind2=" ">
    <subfield code="a">(ES-BaCBU).b39676134</subfield>
  </datafield>
  <datafield tag="035" ind1=" " ind2=" ">
    <subfield code="a">(ccuc001)b39676134</subfield>
  </datafield>
  <datafield tag="040" ind1=" " ind2=" ">
    <subfield code="a">ES-BaBC</subfield>
    <subfield code="b">cat</subfield>
    <subfield code="c">ES-BaBC</subfield>
    <subfield code="d">CDMR</subfield>
  </datafield>
  <datafield tag="041" ind1="0" ind2=" ">
    <subfield code="a">cat</subfield>
    <subfield code="a">spa</subfield>
  </datafield>
  <datafield tag="043" ind1=" " ind2=" ">
    <subfield code="a">e-sp---</subfield>
    <subfield code="b">e-spc--</subfield>
    <subfield code="2">catmarc</subfield>
  </datafield>
  <datafield tag="080" ind1=" " ind2=" ">
    <subfield code="a">061.23(460):77(058)</subfield>
  </datafield>
  <datafield tag="080" ind1=" " ind2=" ">
    <subfield code="a">77:061.23(460)(058)</subfield>
  </datafield>
  <datafield tag="110" ind1="2" ind2=" ">
    <subfield code="a">Associaci&#xF3; de Fot&#xF2;grafs Professionals de Premsa i Mitjans</subfield>
    <subfield code="9">430</subfield>
  </datafield>
  <datafield tag="245" ind1="1" ind2="0">
    <subfield code="a">Free-lance '87</subfield>
    <subfield code="c">/ Associaci&#xF3; de Fot&#xF2;grafs Professionals de Premsa i Mitjans de Comunicaci&#xF3; de Catalunya</subfield>
  </datafield>
  <datafield tag="260" ind1=" " ind2=" ">
    <subfield code="a">Barcelona :</subfield>
    <subfield code="b">l'Associaci&#xF3;,</subfield>
    <subfield code="c">1987</subfield>
  </datafield>
  <datafield tag="300" ind1=" " ind2=" ">
    <subfield code="a">[24] p&#xE0;gines : </subfield>
    <subfield code="b">il. ;</subfield>
    <subfield code="c">33 cm</subfield>
  </datafield>
  <datafield tag="546" ind1=" " ind2=" ">
    <subfield code="a">Text biling&#xFC;e catal&#xE0;-castell&#xE0;</subfield>
  </datafield>
  <datafield tag="650" ind1=" " ind2="0">
    <subfield code="9">1270</subfield>
    <subfield code="a">Fotoperiodisme</subfield>
    <subfield code="z">Catalunya</subfield>
  </datafield>
  <datafield tag="752" ind1=" " ind2=" ">
    <subfield code="a">Catalunya</subfield>
    <subfield code="b">Barcelona (Prov&#xED;ncia)</subfield>
    <subfield code="c">Barcelon&#xE8;s</subfield>
    <subfield code="d">Barcelona</subfield>
  </datafield>
  <datafield tag="908" ind1=" " ind2=" ">
    <subfield code="a">BC</subfield>
    <subfield code="a">MACBA</subfield>
  </datafield>
  <datafield tag="940" ind1=" " ind2=" ">
    <subfield code="a">BC</subfield>
  </datafield>
  <datafield tag="942" ind1=" " ind2=" ">
    <subfield code="2">udc</subfield>
    <subfield code="c">MON</subfield>
  </datafield>
  <datafield tag="952" ind1=" " ind2=" ">
    <subfield code="0">0</subfield>
    <subfield code="1">0</subfield>
    <subfield code="4">0</subfield>
    <subfield code="7">1</subfield>
    <subfield code="a">CDMR</subfield>
    <subfield code="b">CDMR</subfield>
    <subfield code="d">2021-11-26</subfield>
    <subfield code="e">Donaci&#xF3;</subfield>
    <subfield code="g">12.00</subfield>
    <subfield code="l">0</subfield>
    <subfield code="o">Dk 2/21</subfield>
    <subfield code="p">CDMR21110057</subfield>
    <subfield code="r">2021-11-26</subfield>
    <subfield code="w">2021-11-26</subfield>
    <subfield code="y">MON</subfield>
  </datafield>
</record>
